000 00674nam a2200229Ia 4500
003 OSt
005 20220928102648.0
006 a|||||r|||| 00| 0
007 ta
008 220927b |||||||| |||| 00| 0 eng d
024 _a48306
037 _cTextual
040 _aSDCL
_cSDCL
_beng
041 _2eng
_aeng
082 _aV73:194313'N6, L3
100 _aEdward Reynolds Wright
_9399715
245 0 _aBarriers to progress in South Vietanam
_b The United States experience
260 _akorea
_bPomso Publishers
_c1973
300 _a174p
_ccm.
942 _hV73:194313'N6, L3
_cTEXL
_2CC
999 _c715590
_d715590